000 00429nam a2200145Ia 4500
008 100204s9999 xx 000 0 und d
082 _b8048
100 _aशिरवळकर सुहास
245 _aमहापर्व
260 _b"मधुर पब्लिकेशन , पुणे 2"
_c1985
300 _a192
630 _aमहापर्व
730 _aमहापर्व
942 _cBOOK
999 _c452484
_d452481